[Event "DEM U12 2017"]
[Site "Willingen GER"]
[Date "2017.06.05"]
[Round "3"]
[White "Müller, Magnus"]
[Black "von Krosigk, Florian"]
[Result "1-0"]
[Termination "normal"]
[Board "22"]
[WhiteElo "1599"]
[BlackElo "1627"]
[PlyCount "119"]
[WhiteFideId "16230060"]
[BlackFideId "16227808"]
[EventCountry "GER"]
[EventRounds "11"]
[EventType "swiss"]
[EventDate "2017.06.03"]

1. e4 e5 2. Nf3 Nc6 3. Bc4 Bc5 4. c3 Nf6 5. d4 exd4 6. O-O d5 7. exd5 Nxd5 8.
Qb3 Nce7 9. Qb5+ Bd7 10. Qxc5 b6 11. Qxd4 Bc6 12. Re1 O-O 13. Nbd2 Re8 14. Nf1
Qd6 15. Ng3 Bb7 16. Be3 c5 17. Qd3 Qc7 18. Rad1 Rad8 19. Qc2 h6 20. a3 a6 21.
Nh4 Nxe3 22. Rxe3 Rxd1+ 23. Qxd1 Kf8 24. Qe2 b5 25. Ba2 Qf4 26. Nhf5 Qc7 27.
Nxe7 Rxe7 28. Rxe7 Qxe7 29. Qxe7+ Kxe7 30. Nf5+ Kf6 31. Nd6 Bc6 32. f3 c4 33.
Bb1 Ke6 34. Ne4 Kd5 35. Ng3 Kc5 36. Be4 Bd7 37. Nf5 g6 38. Nxh6 f5 39. Bc2 a5
40. Kf2 b4 41. g4 b3 42. Bb1 fxg4 43. fxg4 Be8 44. Ke3 Kd5 45. Kf4 a4 46. Kg5
Ke5 47. h4 Ke6 48. Bxg6 Bxg6 49. Kxg6 Ke5 50. Nf5 Ke4 51. Nd6+ Kd3 52. h5 Kc2
53. Nxc4 Kc1 54. h6 Kb1 55. h7 Kc2 56. h8=Q Kb1 57. Nd2+ Ka2 58. Qh3 Kxb2 59.
Nc4+ Ka2 60. Qg2+ 1-0

[Event "DEM U12 2017"]
[Site "Willingen GER"]
[Date "2017.06.05"]
[Round "3"]
[White "Sinnhöfer, Joshua"]
[Black "Grabbel, Torben Frederik"]
[Result "1-0"]
[Termination "normal"]
[Board "23"]
[WhiteElo "1540"]
[BlackElo "1411"]
[PlyCount "51"]
[WhiteFideId "16201361"]
[BlackFideId "16219180"]
[EventCountry "GER"]
[EventRounds "11"]
[EventType "swiss"]
[EventDate "2017.06.03"]

1. e4 e5 2. Nf3 Nc6 3. Bc4 Bc5 4. c3 Nf6 5. d4 exd4 6. cxd4 Bb4+ 7. Bd2 Bxd2+
8. Nbxd2 d5 9. exd5 Nxd5 10. O-O O-O 11. Re1 Be6 12. Rc1 Re8 13. Ne4 h6 14. Nc5
Bc8 15. Rxe8+ Qxe8 16. Bxd5 Nb4 17. Bc4 b6 18. Ne5 Be6 19. Nxe6 fxe6 20. Qf3
Rd8 21. a3 Nd5 22. Bxd5 Rxd5 23. h3 c5 24. Qg3 Rxd4 25. Ng4 Rd5 26. Nf6+ 1-0

[Event "DEM U12 2017"]
[Site "Willingen GER"]
[Date "2017.06.05"]
[Round "3"]
[White "Haufe, Laurin"]
[Black "Weidenhöfer, Max"]
[Result "1-0"]
[Termination "normal"]
[Board "25"]
[WhiteElo "1665"]
[BlackElo "1483"]
[PlyCount "97"]
[WhiteFideId "12976504"]
[BlackFideId "16230566"]
[EventCountry "GER"]
[EventRounds "11"]
[EventType "swiss"]
[EventDate "2017.06.03"]

1. e4 c6 2. d4 d5 3. Nc3 dxe4 4. Nxe4 h6 5. Nf3 Bf5 6. Bd3 e6 7. b3 Nf6 8.
Nxf6+ Qxf6 9. Bb2 Bd6 10. Qd2 O-O 11. c4 Bxd3 12. Qxd3 Nd7 13. O-O Rfd8 14.
Rfe1 Rac8 15. Qe2 Qg6 16. a3 Nf6 17. Rad1 Nh5 18. Ne5 Bxe5 19. Qxe5 Qc2 20. Bc1
Nf6 21. Qg3 Kh8 22. Qf3 Qg6 23. h3 Rd7 24. Rd3 Rcd8 25. Red1 Ne4 26. Qe2 Nc5
27. Rg3 Qh7 28. Bb2 b5 29. cxb5 cxb5 30. Qxb5 Qc2 31. Rc1 Qxb2 32. Qxc5 Rxd4
33. Rf1 R4d7 34. b4 Qd4 35. Qc2 Qf6 36. Rc3 Rd2 37. Qc1 Ra2 38. Rf3 Qe7 39. Qc4
Rdd2 40. Rc1 Kh7 41. Qe4+ g6 42. Qf4 Rd7 43. Rc8 Kg7 44. Qb8 Rd1+ 45. Kh2 Qd6+
46. Qxd6 Rxd6 47. Rc7 Kg8 48. Rcxf7 Rd8 49. Rxa7 1-0

[Event "DEM U12 2017"]
[Site "Willingen GER"]
[Date "2017.06.05"]
[Round "3"]
[White "Tran, Minh Dat"]
[Black "Stepanov, Maximilian"]
[Result "0-1"]
[Termination "normal"]
[Board "26"]
[WhiteElo "1403"]
[BlackElo "1609"]
[PlyCount "98"]
[WhiteFideId "16244702"]
[BlackFideId "16244680"]
[EventCountry "GER"]
[EventRounds "11"]
[EventType "swiss"]
[EventDate "2017.06.03"]

1. e4 d6 2. d4 g6 3. Nc3 Bg7 4. Be3 Nf6 5. Nf3 Bg4 6. Be2 Nbd7 7. Qd2 Nb6 8. h3
Bxf3 9. Bxf3 Nc4 10. Qc1 Nxe3 11. Qxe3 c6 12. O-O O-O 13. Rfd1 Qc7 14. Rab1 Nd7
15. Ne2 e5 16. c3 Rae8 17. d5 c5 18. c4 f5 19. exf5 Rxf5 20. Bg4 Rf6 21. Bxd7
Qxd7 22. Qe4 Ref8 23. Rf1 Bh6 24. b3 Kg7 25. Rbd1 Qd8 26. g3 Qa5 27. Qc2 Qd8
28. Qe4 Qd7 29. Qg2 Qf5 30. Ra1 Qc2 31. f4 exf4 32. Nxf4 Qxg2+ 33. Nxg2 Rf3 34.
Rxf3 Rxf3 35. Re1 Kf6 36. Rf1 Rxf1+ 37. Kxf1 Ke5 38. Ke2 Kd4 39. Kd1 Kc3 40.
Nf4 Bxf4 41. gxf4 Kd3 42. Ke1 Ke3 43. Kf1 Kxf4 44. Kf2 h5 45. a3 g5 46. b4 b6
47. a4 cxb4 48. a5 b3 49. c5 bxc5 0-1

[Event "DEM U12 2017"]
[Site "Willingen GER"]
[Date "2017.06.05"]
[Round "3"]
[White "Großmann, Piet"]
[Black "Ljuca, Rijad"]
[Result "1-0"]
[Termination "normal"]
[Board "27"]
[WhiteElo "1608"]
[BlackElo "1436"]
[PlyCount "49"]
[WhiteFideId "16234359"]
[BlackFideId "16216121"]
[EventCountry "GER"]
[EventRounds "11"]
[EventType "swiss"]
[EventDate "2017.06.03"]

1. e4 d5 2. exd5 Nf6 3. d4 Qxd5 4. Nf3 Bf5 5. Be2 Nc6 6. c3 O-O-O 7. O-O e6 8.
Be3 Be7 9. a3 h6 10. c4 Qd7 11. b4 Nb8 12. Nc3 g5 13. Ne5 Qe8 14. Nb5 c6 15.
Nxa7+ Kc7 16. Qa4 Nfd7 17. Nxd7 Nxd7 18. Nxc6 bxc6 19. Qa7+ Kc8 20. c5 Nb8 21.
Ba6+ Nxa6 22. Qxa6+ Kc7 23. Qa7+ Kc8 24. b5 Bd3 25. Qa8+ 1-0

[Event "DEM U12 2017"]
[Site "Willingen GER"]
[Date "2017.06.05"]
[Round "3"]
[White "Neuber, Pascal"]
[Black "Kühn, Antoni"]
[Result "1-0"]
[Termination "normal"]
[Board "28"]
[WhiteElo "1632"]
[BlackElo "940"]
[PlyCount "131"]
[WhiteFideId "16227611"]
[BlackFideId "16244710"]
[EventCountry "GER"]
[EventRounds "11"]
[EventType "swiss"]
[EventDate "2017.06.03"]

1. e4 e5 2. Nc3 Nf6 3. f4 Nc6 4. fxe5 Nxe5 5. d4 Nc6 6. Bg5 h6 7. Bh4 g5 8. Bg3
d6 9. Bb5 Bd7 10. Nf3 Bg7 11. O-O Ng4 12. Qd2 Nxd4 13. Bxd7+ Qxd7 14. Nxd4
Bxd4+ 15. Qxd4 Rf8 16. h3 f6 17. hxg4 Qxg4 18. Qf2 h5 19. Qf3 Qxf3 20. gxf3 h4
21. Bh2 Rg8 22. Nd5 Kf7 23. Nxc7 Rac8 24. Bxd6 g4 25. fxg4 Rxg4+ 26. Kh2 Rxe4
27. Rae1 Rg4 28. Re7+ Kg6 29. Rg1 Rxg1 30. Kxg1 h3 31. Re8 Rxe8 32. Nxe8 Kg5
33. Kh2 f5 34. Kxh3 f4 35. Kg2 Kg4 36. Bb8 a6 37. Nd6 f3+ 38. Kf2 Kf4 39. Nxb7+
Ke4 40. Nc5+ Kd4 41. Nxa6 Ke4 42. Nc5+ Kd4 43. Kxf3 Kxc5 44. Ke4 Kc4 45. c3 Kb5
46. Kd5 Ka5 47. c4 Kb6 48. b4 Kb7 49. a4 Kxb8 50. Kc6 Ka7 51. a5 Ka6 52. b5+
Kxa5 53. b6 Kb4 54. b7 Kxc4 55. b8=Q Kd4 56. Qb5 Ke4 57. Qd5+ Kf4 58. Kd6 Ke3
59. Ke5 Ke2 60. Qb3 Kf2 61. Kf4 Ke2 62. Qe3+ Kd1 63. Qf2 Kc1 64. Ke3 Kb1 65.
Kd3 Kc1 66. Qc2# 1-0